Digital telephony (Record no. 3592)

000 -LEADER
fixed length control field 00571nam a2200217 a 4500
001 - CONTROL NUMBER
control field 3592
003 - CONTROL NUMBER IDENTIFIER
control field BD-DhUET
008 - FIXED-LENGTH DATA ELEMENTS--GENERAL INFORMATION
fixed length control field 900501s1991 nyua b 001 0 eng
020 ## - INTERNATIONAL STANDARD BOOK NUMBER
International Standard Book Number 0471620564
040 ## - CATALOGING SOURCE
Original cataloging agency DLC
Transcribing agency DLC
Modifying agency BD-DhUET
082 ## - DEWEY DECIMAL CLASSIFICATION NUMBER
Classification number 623.85
Item number BEL/1991
100 ## - MAIN ENTRY--PERSONAL NAME
Personal name Bellamy, John
245 10 - TITLE STATEMENT
Title Digital telephony
250 ## - EDITION STATEMENT
Edition statement 2nd ed.
260 ## - PUBLICATION, DISTRIBUTION, ETC. (IMPRINT)
Place of publication, distribution, etc. New York
Name of publisher, distributor, etc. John wiley & sons
Date of publication, distribution, etc. 1991
300 ## - PHYSICAL DESCRIPTION
Extent xix, 572 p.
Other physical details ill.
Dimensions 25 cm.
490 ## - SERIES STATEMENT
Series statement Wiley Series in telecommunications
504 ## - BIBLIOGRAPHY, ETC. NOTE
Bibliography, etc Includes bibliographies
650 #0 - SUBJECT ADDED ENTRY--TOPICAL TERM
Topical term or geographic name as entry element Digital telephony
942 ## - ADDED ENTRY ELEMENTS (KOHA)
Koha item type General Book
Holdings
Date acquired Piece designation (barcode) Koha normalized classification for sorting Koha date last borrowed Koha issues (times borrowed) Koha full call number Withdrawn status Price effective from Not for loan Sublocation or collection (holding branch) Koha item type Copy number Koha date last seen Damaged status Shelving location Lost status Location (home branch) Source of classification or shelving scheme
2014-11-0283618623_000000000000000_85BEL19912015-10-102623.85/BEL/1991 2014-11-02 Central Library, BUETGeneral Book12016-02-06 Circulation section Central Library, BUET 
2014-11-0283620623_000000000000000_85BEL1991  623.85/BEL/1991 2014-11-02 Central Library, BUETGeneral Book22017-08-26 Circulation section Central Library, BUET 
2014-11-0283623623_000000000000000_85BEL1991  623.85/BEL/1991 2014-11-02 Central Library, BUETGeneral Book32017-08-16 Circulation section Central Library, BUET 
2014-11-0286339623_850000000000000_BEL_19912023-03-072623.85/BEL/1991 2014-11-02 Central Library, BUETGeneral Book42024-02-20 Circulation section Central Library, BUET 
2015-07-0187594623_850000000000000_BEL_1991  623.85/BEL/1991 2015-07-01 Central Library, BUETReading Item52015-07-01 Reading section Central Library, BUET 
1992-06-0683563623_850000000000000_BEL_1991  623.85 BEL/1991 2024-12-09 Central Library, BUETRental Itemক-১2024-12-09 Rental section Central Library, BUET 
1992-06-0683564623_850000000000000_BEL_1991  623.85 BEL/1991 2024-12-09 Central Library, BUETRental Itemক-২2024-12-09 Rental section Central Library, BUET 
1992-06-0683565623_850000000000000_BEL_1991  623.85 BEL/1991 2024-12-09 Central Library, BUETRental Itemক-৩2024-12-09 Rental section Central Library, BUET 
1992-06-0683566623_850000000000000_BEL_1991  623.85 BEL/1991 2024-12-09 Central Library, BUETRental Itemক-৪2024-12-09 Rental section Central Library, BUET 
1992-06-0683567623_850000000000000_BEL_1991  623.85 BEL/1991 2024-12-09 Central Library, BUETRental Itemক-৫2024-12-09 Rental section Central Library, BUET 
1992-06-0683568623_850000000000000_BEL_1991  623.85 BEL/1991 2024-12-09 Central Library, BUETRental Itemক-৬2024-12-09 Rental section Central Library, BUET 
1992-06-0683569623_850000000000000_BEL_1991  623.85 BEL/1991 2024-12-09 Central Library, BUETRental Itemক-৭2024-12-09 Rental section Central Library, BUET 
1992-06-0683570623_850000000000000_BEL_1991  623.85 BEL/1991 2024-12-09 Central Library, BUETRental Itemক-৮2024-12-09 Rental section Central Library, BUET 
1992-06-0683571623_850000000000000_BEL_1991  623.85 BEL/1991 2024-12-09 Central Library, BUETRental Itemক-৯2024-12-09 Rental section Central Library, BUET 
1992-06-0683572623_850000000000000_BEL_1991  623.85 BEL/1991 2024-12-09 Central Library, BUETRental Itemক-১০2024-12-09 Rental section Central Library, BUET 
1992-06-0683573623_850000000000000_BEL_1991  623.85 BEL/1991 2024-12-09 Central Library, BUETRental Itemক-১১2024-12-09 Rental section Central Library, BUET 
1992-06-0683574623_850000000000000_BEL_1991  623.85 BEL/1991 2024-12-09 Central Library, BUETRental Itemক-১২2024-12-09 Rental section Central Library, BUET 
1992-06-0683575623_850000000000000_BEL_1991  623.85 BEL/1991 2024-12-09 Central Library, BUETRental Itemক-১৩2024-12-09 Rental section Central Library, BUET 
1992-06-0683576623_850000000000000_BEL_1991  623.85 BEL/1991 2024-12-09 Central Library, BUETRental Itemক-১৪2024-12-09 Rental section Central Library, BUET 
1992-06-0683577623_850000000000000_BEL_1991  623.85 BEL/1991 2024-12-09 Central Library, BUETRental Itemক-১৫2024-12-09 Rental section Central Library, BUET